History True or False (Americas) - Statistics

General Stats
  • This quiz has been taken 20 times
  • The average score is 8 of 15
Answer Stats
Question Answer % Correct
Panama gained independence from Central America. False
89%
Christopher Columbus was the first European to discover the Americas. False
89%
JFK was assassinated in Austin. False
89%
John Hinckley killed Ronald Reagan. False
78%
Aztecs are one of the oldest civilizations know to man, being older than England. False
67%
Jimmy Carter was born in 1920. False
67%
Peru was in World War 2. True
67%
Most people in the American Civil War due to rapid blood loss. False
56%
The Ottomans established a claim in the Americas. False
56%
Vermont used to be a country for more than 10 years. True
44%
Latvia colonized Tobago. True
33%
Sweden owned Baltimore. True
22%
Russia owned a bit of California. True
22%
Brazil gained independence from Portugal in 1820. False
0%
Miami is in Modern-day Ohio. True
0%
No matching quizzes found
Score Distribution
Percent of People with Each Score
Percentile by Number Answered
Your Score History
You have not taken this quiz